| 000 | 00414nam a2200181Ia 4500 | ||
|---|---|---|---|
| 005 | 20250423101142.0 | ||
| 008 | 250422s9999 xx 000 0 und d | ||
| 020 | _a0-312-44165-7 | ||
| 050 | _aE 178.1 .A49367/ | ||
| 245 | 4 | _aThe American promise : a compact history | |
| 250 | _a3rd ed. | ||
| 260 | _aBoston | ||
| 260 | _bBedford | ||
| 260 | _c2007 | ||
| 300 | _a837 p | ||
| 650 | _aHistory | ||
| 942 | _cBK | ||
| 999 |
_c35450 _d35450 |
||